000 00555cam a2200193 4500
001 D14402
008 970304 1910 1
035 _a(Sirsi) u94732
041 0 _aeng
050 0 4 _a333.332 $2 18
100 1 _aWebb, Clarence A.
245 0 4 _aThe law and practice of rating and assessment
260 _aLondon
_bCrosby Lockwood and Son
_c1910
300 _axxi, 226p.
_c22cm.
651 4 _aEngland and Wales
_y1543-
690 _aPROPERTY-PROPERTY APPRAISAL AND VALUATION-TAXATION VALUATION
942 _n0
948 _c04/03/1997
999 _c98154
_d98154